Zmeny v účtovníctve verejného sektora

Prehľad najvýznamnejších aktualít v zmenách v Postupoch účtovania vyvoplané novelou zákona o účtovníctve.

Salvato in:
Dettagli Bibliografici
Autore principale: Majorová, Miriam
Natura: Capitolo di libro
Lingua:slovacco
Soggetti:
Tags: Aggiungi Tag
Nessun Tag, puoi essere il primo ad aggiungerne!!

MARC

LEADER 00000naa a2200000 4500
001 0147397
005 20231204111138.2
041 0 |a slo 
044 |a SK 
245 1 0 |a Zmeny v účtovníctve verejného sektora  |c Miriam Majorová 
520 |a Prehľad najvýznamnejších aktualít v zmenách v Postupoch účtovania vyvoplané novelou zákona o účtovníctve. 
610 2 0 |a účtovníctvo 
610 2 0 |a postupy účtovné 
610 2 0 |a Slovensko 
610 2 0 |a legislatíva 
610 2 0 |a sektor verejný 
100 1 |a Majorová, Miriam